| 000 | 00369ngm a22001457a 4500 | ||
|---|---|---|---|
| 005 | 20220606141708.0 | ||
| 008 | 160208b xxu||||| |||| 00| 0 spa d | ||
| 041 | _aspa | ||
| 082 | _a223 DVD | ||
| 245 | _aUn pavorreal en la tierra de los pingüinos | ||
| 300 | _a11 MINUTOS | ||
| 650 |
_aCAMBIO DE PARADIGMAS _95979 |
||
| 650 |
_aTRABAJO EN EQUIPO _9731 |
||
| 942 | _cDVD | ||
| 999 |
_c8963 _d8963 |
||